Most Streamed OneRepublic Song by Album - Statistics

General Stats
  • This quiz has been taken 3 times
  • The average score is 3 of 5
Answer Stats
Year Album Song % Correct
2013 Native Counting Stars
100%
2007 Dreaming Out Loud Apologize
67%
2022 Artificial Paradise I Ain't Worried
67%
2009 Waking Up All the Right Moves
33%
2016 Oh My My Wherever I Go
0%
No matching quizzes found
Score Distribution
Percent of People with Each Score
Percentile by Number Answered
Your Score History
You have not taken this quiz